Celebrate Rosh Hashanah & Yom Kippur / (Record no. 1033)

MARC details
000 -LEADER
fixed length control field 01464cam a2200385 a 4500
005 - DATE AND TIME OF LATEST TRANSACTION
control field 20260322212044.0
008 - FIXED-LENGTH DATA ELEMENTS--GENERAL INFORMATION
fixed length control field data
010 ## - LIBRARY OF CONGRESS CONTROL NUMBER
LC control number 2006100317
020 ## - INTERNATIONAL STANDARD BOOK NUMBER
International Standard Book Number 9781426300769 (trade bdg. : alk. paper)
020 ## - INTERNATIONAL STANDARD BOOK NUMBER
International Standard Book Number 142630076X (trade bdg. : alk. paper)
020 ## - INTERNATIONAL STANDARD BOOK NUMBER
International Standard Book Number 9781426300776 (lib. bdg. : alk. paper)
020 ## - INTERNATIONAL STANDARD BOOK NUMBER
International Standard Book Number 1426300778 (lib. bdg. : alk. paper)
040 ## - CATALOGING SOURCE
Original cataloging agency DLC
Transcribing agency DLC
Modifying agency DLC
-- BAKER
-- BTCTA
-- MLY
-- EHH
-- DLC
042 ## - AUTHENTICATION CODE
Authentication code lcac
050 00 - LIBRARY OF CONGRESS CALL NUMBER
Classification number BM693.H5
Item number H45 2007
082 00 - DEWEY DECIMAL CLASSIFICATION NUMBER
Classification number 296.4/31
Edition information 22
092 ## - LOCALLY ASSIGNED DEWEY CALL NUMBER (OCLC)
Classification number 296.4 H45 2007
001 - CONTROL NUMBER
control field data
100 1# - MAIN ENTRY--PERSONAL NAME
Personal name Heiligman, Deborah.
245 10 - TITLE STATEMENT
Title Celebrate Rosh Hashanah & Yom Kippur /
Statement of responsibility, etc. Deborah Heiligman.
246 3# - VARYING FORM OF TITLE
Title proper/short title Celebrate Rosh Hashanah and Yom Kippur
260 ## - PUBLICATION, DISTRIBUTION, ETC.
Place of publication, distribution, etc. Washington, D.C. :
Name of publisher, distributor, etc. National Geographic,
Date of publication, distribution, etc. c2007.
300 ## - PHYSICAL DESCRIPTION
Extent 31 p. :
Other physical details col. ill., col. map ;
Dimensions 26 cm.
490 1# - SERIES STATEMENT
Series statement Holidays around the world
504 ## - BIBLIOGRAPHY, ETC. NOTE
Bibliography, etc. note Includes bibliographical references and index.
520 ## - SUMMARY, ETC.
Summary, etc. Describes how the Jewish holidays of Rosh Hashanah and Yom Kippur are celebrated around the world.
650 #0 - SUBJECT ADDED ENTRY--TOPICAL TERM
Topical term or geographic name entry element Rosh ha-Shanah
Form subdivision Juvenile literature.
650 #0 - SUBJECT ADDED ENTRY--TOPICAL TERM
Topical term or geographic name entry element Yom Kippur
Form subdivision Juvenile literature.
650 #0 - SUBJECT ADDED ENTRY--TOPICAL TERM
Topical term or geographic name entry element High Holidays
Form subdivision Juvenile literature.
650 #1 - SUBJECT ADDED ENTRY--TOPICAL TERM
Topical term or geographic name entry element Rosh ha-Shanah.
650 #1 - SUBJECT ADDED ENTRY--TOPICAL TERM
Topical term or geographic name entry element Yom Kippur.
650 #1 - SUBJECT ADDED ENTRY--TOPICAL TERM
Topical term or geographic name entry element Holidays.
830 #0 - SERIES ADDED ENTRY--UNIFORM TITLE
Uniform title Holidays around the world (National Geographic Society (U.S.))
856 42 - ELECTRONIC LOCATION AND ACCESS
Materials specified Publisher description
Uniform Resource Identifier <a href="http://www.loc.gov/catdir/enhancements/fy0744/2006100317-d.html">http://www.loc.gov/catdir/enhancements/fy0744/2006100317-d.html</a>
Holdings
Withdrawn status Lost status Damaged status Not for loan Home library Current library Shelving location Date acquired Total checkouts Full call number Barcode Date last seen Price effective from Koha item type
        Fairfield Fairfield General stacks 22/03/2026   296.4/31 22 BC0011067 22/03/2026 22/03/2026 Books